| 000 | 00972nam0a22002771 4500 | ||
|---|---|---|---|
| 001 | v19\rc\1560767 | ||
| 005 | 20250618190740.0 | ||
| 035 | _a(NLR Aleph) 004673643 | ||
| 090 |
_a3711931 _c3711931 |
||
| 100 | _a20060620d1892 |||y0rusy50 ca | ||
| 101 | 0 | _arus | |
| 102 | _aRU | ||
| 105 | _aa z ||||| | ||
| 200 | 1 |
_aЖитие преподобного и богоносного отца нашего Симона Мироточивого, основателя Симона-Петрского монастыря _fИзд. Афон. Симона-Петр. монастыря |
|
| 205 | _a2-е изд. | ||
| 210 |
_aМосква _cтипо-лит. И. Ефимова _d1892 |
||
| 215 |
_a32 с. _cил. _d22 |
||
| 702 | 0 |
_aСимон Мироточивый _cсв. _4570 |
|
| 801 | 0 |
_aRU _bNLR _gpsbo |
|
| 801 | 0 |
_aRU _bRuMoRGB _2psbo |
|
| 801 | 1 |
_aRU _bProSoft-M _2rusmarc |
|
| 852 |
_aNLR _j18.188.3.378 |
||
| 899 | _aБАН | ||
| 899 | _aГПИБ | ||
| 942 | _cBOOK | ||
| 980 | _aNB | ||